000 02702nam a22002057a 4500
005 20250409144248.0
008 250220b ||||| |||| 00| 0 eng d
020 _a9781484286272
040 _cAL
041 _aeng
082 _223
_a658.478
_bCHEE
100 _aDenny Cherry
_9201488
245 _aEnterprise grade it security for small and medium businesses
_b: building security systems in plain english
260 _aNew York
_bApress Publications
_c2023
300 _axii,153p.
_bPB
_c23.4x15.5cm.
365 _2General
_a6384
_b₹479.20
_c
_d₹599.00
_e20%
_f06-02-2025
520 _aUnderstand the IT security features that are needed to secure the IT infrastructure of a small to medium-size business. This book will give IT managers and executives a solid understanding of the different technology solutions that their business relies upon–or should be employing–in order to make reasoned decisions regarding the implementation of those features. Coverage includes multi-factor authentication, firewalls, zero-trust environments, network segmentation, remote access solutions, and the people aspects of security that are often overlooked and represent an organization’s biggest vulnerability. Chapters on the various technologies such as multi-factor authentication and zero-trust environments explain in plain English the values and benefits that each technology provides. Clear technical explanations are accompanied by business case explanations that explain the “why” of each technology and when each technology should be implemented. You will come away equipped to have business-driven discussions with your IT staff that allow for a productive balancing of the need for security with the need to do business and drive profits. You Will Learn The importance of multi-factor authentication The limits of what multi-factor authentication can protect How firewalls are used to protect your company from attackers What zero-trust environments are and what they mean Whether zero-trust networks are what is needed to secure your own environment The security benefits from implementing a network segmentation policy The best ways to access files and resources from remote locations outside the office Who This Book Is For Managers and executives at small to medium-size businesses who want to understand the core aspects of IT security on which their business relies, business leaders who want to be able to follow along with and engage in discussions with IT professionals about security features, and leaders who are tasked with making decisions on which IT security features to implement
650 _2Management
_aComputer Security
_9201489
942 _2ddc
_cBK
999 _c233849
_d233849